|
|
|
|
| LEADER |
00000nam0a2200000 4500 |
| 001 |
193037 |
| 005 |
20231101224446.0 |
| 010 |
|
|
|a 9785276018232
|
| 035 |
|
|
|a (RuTPU)RU\TPU\book\210468
|
| 090 |
|
|
|a 193037
|
| 100 |
|
|
|a 20110314d2010 m y0rusy50 ca
|
| 101 |
0 |
|
|a rus
|
| 102 |
|
|
|a RU
|
| 105 |
|
|
|a a j 001zy
|
| 200 |
1 |
|
|a Аналоговая и цифровая электроника
|e учебное пособие
|f А. В. Кузнецов, К. А. Палагута, П. И. Савостин
|g Московский государственный индустриальный университет (МГИУ)
|
| 210 |
|
|
|a Москва
|c Изд-во МГИУ
|d 2010
|
| 215 |
|
|
|a 262 с.
|c ил.
|
| 320 |
|
|
|a Библиогр.: с. 242.
|
| 330 |
|
|
|a Рассмотрены принципы построения и основные схемотехнические решения устройств аналоговой и цифровой электроники. Особое внимание уделено устройствам цифровой обработки сигналов, представлена их классификация, принципы построения, основные характеристика. Учебное пособие предназначено для студентов очной формы, обучающихся по специальности 220301 «Автоматизация технологических процессов и производств в машиностроении» и направлению подготовки 220200 «Автоматизация и управление».
|
| 606 |
1 |
|
|a Электроника аналоговая
|2 stltpush
|3 (RuTPU)RU\TPU\subj\67806
|9 83456
|
| 610 |
1 |
|
|a цифровая электроника
|
| 610 |
1 |
|
|a цифровая обработка
|
| 610 |
1 |
|
|a питание
|
| 610 |
1 |
|
|a усилители электрических сигналов
|
| 610 |
1 |
|
|a операционные усилители
|
| 610 |
1 |
|
|a импульсные устройства
|
| 610 |
1 |
|
|a логические устройства
|
| 610 |
1 |
|
|a комбинационные устройства
|
| 610 |
1 |
|
|a последовательные устройства
|
| 610 |
1 |
|
|a цифро-аналоговые преобразователи
|
| 610 |
1 |
|
|a аналого-цифровые преобразователи
|
| 610 |
1 |
|
|a триггеры
|
| 610 |
1 |
|
|a регистры
|
| 610 |
1 |
|
|a счетчики
|
| 610 |
1 |
|
|a генераторы
|
| 610 |
1 |
|
|a классификации
|
| 610 |
1 |
|
|a учебные пособия
|
| 610 |
1 |
|
|a вторичные источники
|
| 675 |
|
|
|a 621.382(075.8)
|v 3
|
| 700 |
|
1 |
|a Кузнецов
|b А. В.
|g Александр Валерьевич
|
| 701 |
|
1 |
|a Палагута
|b К. А.
|g Константин Алексееевич
|
| 701 |
|
1 |
|a Савостин
|b П. И.
|g Петр Иванович
|
| 712 |
0 |
2 |
|a Московский государственный индустриальный университет (МГИУ)
|2 stltpush
|3 (RuTPU)RU\TPU\col\11073
|
| 801 |
|
1 |
|a RU
|b 63413507
|c 20110314
|
| 801 |
|
2 |
|a RU
|b 63413507
|c 20160909
|g RCR
|
| 900 |
|
|
|a Аналоговая и цифровая электроника
|
| 942 |
|
|
|c BK
|
| 959 |
|
|
|a 30/20110311
|d 2
|e 220,00
|f АНЛ:1
|f ЧЗТЛ:1
|